<?xml version="1.0" encoding="UTF-8"?>
<marc:record xmlns:marc="http://www.loc.gov/MARC21/slim">
   <marc:leader>00000nam a2200000 a 4500</marc:leader>
   <marc:datafield ind1="1" ind2=" " tag="100">
      <marc:subfield code="a">Arendt, Helena</marc:subfield>
      <marc:subfield code="4">aut</marc:subfield>
      <marc:subfield code="e">Verfasser/-in</marc:subfield>
   </marc:datafield>
   <marc:datafield ind1="0" ind2="0" tag="245">
      <marc:subfield code="a">Naturgeschenke</marc:subfield>
   </marc:datafield>
   <marc:datafield ind1="0" ind2="0" tag="245">
      <marc:subfield code="b">100 Ideen zum Gestalten mit Kindern</marc:subfield>
   </marc:datafield>
   <marc:datafield ind1="0" ind2="0" tag="245">
      <marc:subfield code="c">Helena Arendt</marc:subfield>
   </marc:datafield>
   <marc:datafield ind1=" " ind2="1" tag="264">
      <marc:subfield code="a">Bern</marc:subfield>
      <marc:subfield code="b">Haupt Verlag</marc:subfield>
      <marc:subfield code="c">2014</marc:subfield>
   </marc:datafield>
   <marc:datafield ind1=" " ind2=" " tag="250">
      <marc:subfield code="a">1. Auflage</marc:subfield>
   </marc:datafield>
   <marc:datafield ind1="1" ind2=" " tag="520">
      <marc:subfield code="a">Du willst etwas verschenken? Dann schau in der Natur! Sie hält jede Menge schöne Geschenke bereit! Zum Beispiel Pflanzen: Was hältst du von kandierten Blütenblättern oder einer leuchten roten Geranientinte zum Schreiben? Oder möchtest du lieber aus Gras ein Tischset flechten oder aus weichem Moos einen urigen Bären formen? - Zum Beispiel Samen: Hast du schon einmal aus Bohnen bunte Ketten kreiert oder Samenkapseln zu faszinierenden Windlichtern verwandelt? - Zum Beispiel Hölzer: Wie wäre es mit einem einzigartigen Bilderrahmen aus Ästen und Zweigen? - Zum Beispiel Erde: Hast du schon aus Lehm kleine Figuren oder Schälchen geformt? - Zum Beispiel Steine: Wie wäre es mit bunt angemalten Kieselsteinen für ein spannendes Brettspiel oder der Verwandlung eines Steins in ein Kunstwerk? Und das Beste ist: Bis auf ein paar wenige Hilfsmittel aus dem Laden findest Du alle Naturgeschenke gratis im Garten, am See, im Wald oder auf dem Feld!</marc:subfield>
   </marc:datafield>
   <marc:datafield ind1=" " ind2=" " tag="020">
      <marc:subfield code="a">9783258600758</marc:subfield>
      <marc:subfield code="9">9783258600758</marc:subfield>
   </marc:datafield>
   <marc:datafield ind1=" " ind2=" " tag="020">
      <marc:subfield code="a">3258600759</marc:subfield>
      <marc:subfield code="9">3258600759</marc:subfield>
   </marc:datafield>
   <marc:datafield ind1=" " ind2=" " tag="041">
      <marc:subfield code="a">ger</marc:subfield>
   </marc:datafield>
   <marc:datafield ind1=" " ind2=" " tag="300">
      <marc:subfield code="a">229 Seiten : überw. Ill.</marc:subfield>
   </marc:datafield>
</marc:record>
